000
00403nam a22001697a 4500
003
MPLRDC
005
20220104124643.0
008
210129b ||||| |||| 00| 0 eng d
082
_a
859.61 CXR
100
_a
蔡新荣著
245
_a
乾隆
_c
260
_a
_b
香港教育书店
_c
1961
300
_b
平
490
_a
中国名人故事丛书
650
_a
皇帝故事
942
_c
BK
_o
859.61 CXR
999
_c
21070
_d
21060